[Event "Gran Canaria Joseito Memorial 30th"]
[Site "Gran Canaria"]
[Date "2012.09.02"]
[Round "6"]
[White "Matias Araujo, Jose"]
[Black "Suarez Rodriguez, Aridane"]
[Result "0-1"]
[WhiteElo "1218"]
[BlackElo "1225"]
[PlyCount "54"]
[EventDate "2012.09.01"]
[EventType "swiss"]
[EventRounds "6"]
[EventCountry "ESP"]
[SourceTitle "CBM 150 Extra"]
[Source "ChessBase"]
[SourceDate "2012.10.19"]
[SourceVersion "1"]
[SourceVersionDate "2012.10.19"]
[SourceQuality "1"]

1. Nf3 b6 2. g4 Bb7 3. b3 e6 4. Bh3 Nf6 5. c3 Na6 6. Ba3 Bxa3 7. Nxa3 0-0 8. b4 Bxf3 9. exf3 d5 10. Bf1 Nb8 11. Nb5 a6 12. Nd4 Qd7 13. Bd3 Nc6 14. 0-0 Nxd4 15. cxd4 a5 16. Rb1 axb4 17. Rxb4 Rxa2 18. Qb1 Raa8 19. Bb5 Qd8 20. Bc6 Ra3 21. Qd1 Qd6 22. Ra4 Rxa4 23. Qxa4 h6 24. Qc2 Nh7 25. Re1 Ng5 26. Kf1 Nxf3 27. Kg2 Nxe1+ 0-1